000 00795nam a22002537a 4500
001 00260
003 DO-SdBNP
005 20180207105940.0
008 151209b 1990 sp ||||| |||| 00| 0 spa d
020 _a8424159969
040 _aBPMSU
_bspa
_cBPMSU
100 1 _aIglesias de Souza, Luis
245 1 0 _aLas historias de la abeja Trahamunda /
_cLuis Iglesias de Souza ; ilustrado por Enrique Ibáñez Clemente.
260 _aMadrid :
_bEverest,
_c1990.
300 _a250 p. :
_bil. ;
_c18 cm.
490 1 _aLa torre y la flor
_v46
490 1 _aUn cuento todos los días
700 1 2 _aIbáñez Clemente, Enrique,
_e1938-
830 0 _aLa torre y la flor
_n46
830 0 _aUn cuento todos los días
942 _2ddc
_cBK
945 _aInventariado, 2018 / LP
956 _aLOPEREZ
_b10
999 _c9072
_d9072